|
|
|
|
| LEADER |
00000nam a2200000 a 4500 |
| 005 |
20111213122216.0 |
| 007 |
cr|||| |||| |
| 008 |
101105s2010 sp |||| |||||0|| 0 spa|c |
| 017 |
|
|
|a DL AB. 282-2010
|
| 020 |
|
|
|a 9788415000044
|
| 035 |
|
|
|a 5875
|
| 040 |
|
|
|d vLex
|
| 090 |
|
|
|c 2822
|d 2822
|
| 245 |
0 |
0 |
|a Perspectiva de gňero en las polt̕icas pb︢licas de conciliacin̤ en Castilla-La Mancha
|h [Recurso electrn̤ico] /
|c Mara̕ del Carmen Hurtado Martn̕ez (directora) ; Isabel Colmenero Herreros, Antonio Santos Segovia
|
| 256 |
|
|
|a Servicio en ln̕ea
|
| 260 |
|
|
|a Albacete :
|b Bomarzo,
|c 2010
|
| 300 |
|
|
|a 1 recurso electrn̤ico
|
| 506 |
1 |
|
|a Contenido solo disponible en los productos indicados
|d vLex Global
|d vLex Global (Academic Edition, excluding Law Schools)
|d vLex Global (U.S. Academic Edition, Law Schools)
|d vLex Global (U.S. Academic Edition, excluding Law Schools)
|d vLex Global (Academic Edition, Law Schools)
|
| 650 |
|
4 |
|a Conciliacin̤ laboral
|z Castilla la Mancha
|
| 650 |
|
4 |
|a Mediacin̤ familiar
|z Castilla La Mancha
|
| 650 |
|
4 |
|a Trabajo y familia
|z Castilla la Mancha
|
| 700 |
1 |
|
|a Hurtado Martn̕ez, M® del Carmen
|
| 700 |
1 |
|
|a Colmenero Herreros, Isabel
|
| 700 |
1 |
|
|a Santos Segovia, Antonio
|
| 740 |
0 |
|
|a vLex Libros (Servicio en ln̕ea)
|
| 830 |
|
0 |
|a Estudios (Bomarzo)
|
| 856 |
4 |
0 |
|u http://vlex.com/source/perspectiva-genero-politicas-publicas-conciliacion-castilla-la-mancha-5875
|z Acceso restringido
|
| 942 |
|
|
|c BOOK
|
| 999 |
0 |
|
|a Work and family
|
| 999 |
0 |
|
|a Labor laws and legislation
|